Kadra Manchesteru United sezon 2017/2018 - Statystyki

Ogólne statystyki
  • Ten quiz został rozwiązany 125 razy
  • Średni wynik to 21 z 28
Statystyki odpowiedzi
pozycja # kraj piłkarz % Poprawnych
B 1 ESP David De Gea
100%
P 6 FRA Paul Pogba
97%
O 2 SWE Victor Lindelof
96%
B 20 ARG Sergio Romero
94%
N 9 BEL Romelu Lukaku
93%
N 11 FRA Anthony Martial
92%
O 3 WKS Eric Bailly
91%
P 25 ECU Antonio Valencia
90%
Trener - POR Jose Mourinho
87%
P 8 ESP Juan Mata
86%
O 5 ARG Marcos Rojo
86%
N 19 ENG Marcus Rashford
86%
P 31 SER Nemanja Matic
86%
O 4 ENG Phil Jones
86%
P 39 SCO Scott McTominay
86%
O 23 ENG Luke Shaw
79%
P 27 BEL Marouane Fellaini
77%
O 36 ITA Matteo Darmian
77%
P 14 ENG Jesse Lingard
74%
P 21 ESP Ander Herrera
68%
O 12 ENG Chris Smalling
68%
P 17 NED Daley Blind
64%
P 16 ENG Michael Carrick
50%
P 44 BRA Andreas Pereira
49%
P 18 ENG Ashley Young
49%
O 38 COD Axel Tuanzebe
26%
P 24 NED Timothy Fosu Mensah
19%
P 22 ARM Henrich Mchitarjan
12%
Nie znaleziono quizów pasujących do podanych kryteriów
Rozkład punktacji
Procent ludzi z każdym wynikiem
Percentyl według liczby udzielonych odpowiedzi
Twoja historia wyników
Nie rozwiązałeś tego quizu